[Event "Ruhrgebiet Verbandsliga Gruppe 1 1718"]
[Site "Germany"]
[Date "2018.04.29"]
[Round "9.3"]
[White "Wicht, Juergen"]
[Black "Masberg, Stefan"]
[Result "0-1"]
[WhiteElo "2001"]
[BlackElo "1933"]
[PlyCount "90"]
[EventDate "2017.09.17"]
[EventType "team-tourn"]
[EventRounds "9"]
[EventCountry "GER"]
[SourceTitle "EXT 2022"]
[Source "ChessBase"]
[SourceDate "2021.10.06"]
[SourceVersion "1"]
[SourceVersionDate "2021.10.06"]
[SourceQuality "1"]
[WhiteTeam "Annen Sport Union"]
[BlackTeam "Bottrop SV"]
[WhiteTeamCountry "GER"]
[BlackTeamCountry "GER"]

1. d4 Nf6 2. c4 e6 3. Nf3 d5 4. Bg5 Be7 5. Nc3 c6 6. e3 Nbd7 7. Qc2 0-0 8. cxd5 exd5 9. Bd3 h6 10. Bh4 Re8 11. 0-0 b6 12. Bg3 Bb7 13. h3 a6 14. Rfd1 c5 15. dxc5 bxc5 16. Bf5 Nb6 17. a4 Bd6 18. Bxd6 Qxd6 19. a5 Nbd7 20. Qb3 Rab8 21. Bxd7 Qxd7 22. Na4 Bc6 23. Nb6 Qf5 24. Qd3 Qxd3 25. Rxd3 Re4 26. Rc1 c4 27. Rd2 Ree8 28. Nd4 Bb7 29. Ne2 Ne4 30. Rdd1 Rbd8 31. Nf4 Nc5 32. b4 Nb3 33. Rc3 d4 34. Rxc4 dxe3 35. Rxd8 Rxd8 36. fxe3 g5 37. Ne2 Rd2 38. Kf2 Bxg2 39. Rc3 Bxh3 40. Nc4 Ra2 41. Kg3 Be6 42. Nd4 Nxd4 43. exd4 h5 44. Ne5 h4+ 45. Kf3 h3 0-1

[Event "Ruhrgebiet Verbandsliga Gruppe 1 1617"]
[Site "Germany"]
[Date "2017.02.19"]
[Round "7.4"]
[White "Masberg, Stefan"]
[Black "Wloka, Sebastian"]
[Result "1/2-1/2"]
[WhiteElo "1970"]
[BlackElo "1847"]
[PlyCount "132"]
[EventDate "2016.09.04"]
[EventType "team-tourn"]
[EventRounds "9"]
[EventCountry "GER"]
[SourceTitle "EXT 2022"]
[Source "ChessBase"]
[SourceDate "2021.10.06"]
[SourceVersion "1"]
[SourceVersionDate "2021.10.06"]
[SourceQuality "1"]
[WhiteTeam "Bottrop SV"]
[BlackTeam "Eichlinghofen SV"]
[WhiteTeamCountry "GER"]
[BlackTeamCountry "GER"]

1. e4 c5 2. Nf3 Nc6 3. d4 cxd4 4. Nxd4 e5 5. Nb5 d6 6. c4 f5 7. N1c3 a6 8. Na3 Nf6 9. Bd3 f4 10. Nc2 Be7 11. Nd5 0-0 12. Bd2 Kh8 13. h3 Rb8 14. Qe2 Bd7 15. Bc3 Be8 16. Nxf6 Bxf6 17. Qf3 Bf7 18. 0-0 Qe8 19. Be2 b5 20. cxb5 axb5 21. a3 Bd8 22. Nb4 Na5 23. Rad1 Nc4 24. Nd5 Ba5 25. Bxa5 Nxa5 26. Qd3 Nc4 27. Qc3 Rc8 28. Qb4 Bh5 29. Bxh5 Qxh5 30. f3 Rb8 31. b3 Ne3 32. Nxe3 fxe3 33. Qe1 Qg5 34. Rd3 d5 35. exd5 e4 36. Qxe3 Qe7 37. Qxe4 Qxa3 38. d6 Rbd8 39. d7 Qa7+ 40. Qd4 Rxd7 41. Qxa7 Rxa7 42. Rd5 Rb7 43. Rfd1 h6 44. Rd8 Kg8 45. Kf2 Rxd8 46. Rxd8+ Kf7 47. b4 Ke7 48. Rd5 Ke6 49. Rc5 Rb6 50. h4 g6 51. g4 Kf6 52. f4 Ke6 53. Kf3 Kf6 54. g5+ hxg5 55. hxg5+ Ke6 56. Ke4 Ke7 57. f5 gxf5+ 58. Kxf5 Kf7 59. Rc7+ Kf8 60. g6 Kg8 61. Kg5 Kh8 62. Kh6 Rb8 63. g7+ Kg8 64. Rc6 Rd8 65. Rb6 Rc8 66. Kg6 Rc6+ 1/2-1/2

[Event "Ruhrgebiet Verbandsliga Gruppe 1 1617"]
[Site "Germany"]
[Date "2017.01.29"]
[Round "6.4"]
[White "Loeffelbein, Klaus"]
[Black "Masberg, Stefan"]
[Result "1/2-1/2"]
[WhiteElo "1849"]
[BlackElo "1970"]
[PlyCount "28"]
[EventDate "2016.09.04"]
[EventType "team-tourn"]
[EventRounds "9"]
[EventCountry "GER"]
[SourceTitle "EXT 2022"]
[Source "ChessBase"]
[SourceDate "2021.10.06"]
[SourceVersion "1"]
[SourceVersionDate "2021.10.06"]
[SourceQuality "1"]
[WhiteTeam "Gerthe Werne"]
[BlackTeam "Bottrop SV"]
[WhiteTeamCountry "GER"]
[BlackTeamCountry "GER"]

1. c4 Nf6 2. Nc3 e6 3. e4 d5 4. e5 Nfd7 5. Nf3 d4 6. Nxd4 Nxe5 7. Nf3 Nxf3+ 8. Qxf3 Nc6 9. d3 Nd4 10. Qd1 Bd7 11. Be2 Bc6 12. 0-0 Qh4 13. Re1 Bd6 14. g3 Nxe2+ 1/2-1/2

[Event "Ruhrgebiet Verbandsliga Gruppe 1 1516"]
[Site "Germany"]
[Date "2015.09.06"]
[Round "1.4"]
[White "Masberg, Stefan"]
[Black "Andersen, Knut"]
[Result "1-0"]
[WhiteElo "1942"]
[BlackElo "1959"]
[PlyCount "49"]
[EventDate "2015.09.06"]
[EventType "team-tourn"]
[EventRounds "9"]
[EventCountry "GER"]
[SourceTitle "EXT 2022"]
[Source "ChessBase"]
[SourceDate "2021.10.06"]
[SourceVersion "1"]
[SourceVersionDate "2021.10.06"]
[SourceQuality "1"]
[WhiteTeam "Bottrop SV"]
[BlackTeam "Buer SF"]
[WhiteTeamCountry "GER"]
[BlackTeamCountry "GER"]

1. e4 c5 2. Nf3 Nc6 3. d4 cxd4 4. Nxd4 Qb6 5. Nxc6 bxc6 6. Bd3 Nf6 7. 0-0 e5 8. Qe2 Be7 9. c4 d6 10. h3 0-0 11. Nc3 Be6 12. Rb1 Qc7 13. Re1 Rfd8 14. f4 exf4 15. Bxf4 Nd7 16. Nd5 cxd5 17. exd5 Nc5 18. dxe6 fxe6 19. Bc2 e5 20. Be3 Ne6 21. Be4 Rab8 22. Bd5 Qd7 23. Qg4 Kf7 24. Qh5+ Kf8 25. Qf5+ 1-0

[Event "Ruhrgebiet Verbandsliga Gruppe 2 1415"]
[Site "Germany"]
[Date "2014.09.21"]
[Round "1"]
[White "Masberg, Stefan"]
[Black "Labuda, Markus"]
[Result "1/2-1/2"]
[WhiteElo "1934"]
[BlackElo "1917"]
[PlyCount "81"]
[EventDate "2014.09.21"]
[EventType "team-tourn"]
[EventRounds "9"]
[EventCountry "GER"]
[SourceTitle "EXT 2022"]
[Source "ChessBase"]
[SourceDate "2021.10.06"]
[SourceVersion "1"]
[SourceVersionDate "2021.10.06"]
[SourceQuality "1"]
[WhiteTeam "Bottrop SV"]
[BlackTeam "Oberhausen SV II"]
[WhiteTeamCountry "GER"]
[BlackTeamCountry "GER"]

1. e4 e6 2. d4 d5 3. Nc3 Nf6 4. e5 Nfd7 5. f4 c5 6. Be3 cxd4 7. Bxd4 Nc6 8. Bf2 Bb4 9. Nf3 Qa5 10. Qd2 Nc5 11. Bxc5 Qxc5 12. a3 Ba5 13. Bb5 Bxc3 14. Bxc6+ bxc6 15. Qxc3 Qxc3+ 16. bxc3 Rb8 17. Kd2 Ba6 18. Rhb1 Kd7 19. Ke3 c5 20. Nd2 Rb6 21. Rxb6 axb6 22. Nf3 h6 23. g4 Ra8 24. g5 hxg5 25. fxg5 Rh8 26. h4 Bb7 27. Rb1 Kc7 28. Rg1 g6 29. Rg4 Bc6 30. Rf4 Rh7 31. Nd2 Kb7 32. c4 d4+ 33. Kd3 Kc7 34. c3 dxc3 35. Kxc3 Kd7 36. Nf1 Ke7 37. Ne3 Rh8 38. Nc2 Rd8 39. Ne3 Ra8 40. Kb2 Rd8 41. Kc3 1/2-1/2

[Event "NRW Verbandsliga Group1 1314"]
[Site "Nordrheinwestfalen"]
[Date "2014.03.09"]
[Round "8.5"]
[White "Masberg, Stefan"]
[Black "Ball, Joerg"]
[Result "1-0"]
[WhiteElo "1898"]
[BlackElo "1928"]
[PlyCount "37"]
[EventDate "2013.09.08"]
[EventType "team-tourn"]
[EventRounds "9"]
[EventCountry "GER"]
[SourceTitle "EXT 2020"]
[Source "ChessBase"]
[SourceDate "2019.10.17"]
[SourceVersion "1"]
[SourceVersionDate "2019.10.17"]
[SourceQuality "1"]
[WhiteTeam "Bottrop SV"]
[BlackTeam "Listiger Bauer Essen"]
[WhiteTeamCountry "GER"]
[BlackTeamCountry "GER"]

1. e4 c5 2. Nf3 d6 3. d4 cxd4 4. Nxd4 Nf6 5. Nc3 a6 6. a4 e6 7. Be2 Nc6 8. Be3 Be7 9. Qd2 Bd7 10. 0-0 Qc7 11. f4 h5 12. h3 h4 13. Nb3 b6 14. Bf3 e5 15. f5 0-0-0 16. Nd5 Nxd5 17. exd5 Na5 18. Nxa5 bxa5 19. Ra3 1-0

[Event "NRW Verbandsliga Group1 1314"]
[Site "Nordrheinwestfalen"]
[Date "2014.02.16"]
[Round "7"]
[White "Masberg, Stefan"]
[Black "Koth, Stefan"]
[Result "0-1"]
[WhiteElo "1898"]
[BlackElo "2010"]
[PlyCount "42"]
[EventDate "2013.09.08"]
[EventType "team-tourn"]
[EventRounds "9"]
[EventCountry "GER"]
[SourceTitle "EXT 2020"]
[Source "ChessBase"]
[SourceDate "2019.10.17"]
[SourceVersion "1"]
[SourceVersionDate "2019.10.17"]
[SourceQuality "1"]
[WhiteTeam "Bottrop SV"]
[BlackTeam "Doppelbauer Brambauer"]
[WhiteTeamCountry "GER"]
[BlackTeamCountry "GER"]

1. e4 c5 2. Nf3 e6 3. d4 cxd4 4. Nxd4 a6 5. c4 Nc6 6. Nxc6 bxc6 7. Be2 Nf6 8. Bf3 Qc7 9. 0-0 Rb8 10. Nc3 Bd6 11. h3 Be5 12. Qc2 0-0 13. c5 a5 14. Be3 Ba6 15. Rfd1 Rb7 16. Rab1 Rfb8 17. Bd4 Rb4 18. Be3 Qb7 19. b3 h6 20. Rbc1 Qc7 21. Na4 Rxa4 0-1

[Event "NRW Verbandsliga Group1 1314"]
[Site "Nordrheinwestfalen"]
[Date "2014.01.26"]
[Round "6"]
[White "Masberg, Stefan"]
[Black "Seemann, Mathis"]
[Result "1/2-1/2"]
[WhiteElo "1898"]
[BlackElo "1919"]
[PlyCount "47"]
[EventDate "2013.09.08"]
[EventType "team-tourn"]
[EventRounds "9"]
[EventCountry "GER"]
[SourceTitle "EXT 2020"]
[Source "ChessBase"]
[SourceDate "2019.10.17"]
[SourceVersion "1"]
[SourceVersionDate "2019.10.17"]
[SourceQuality "1"]
[WhiteTeam "Bottrop SV"]
[BlackTeam "Bochum SC an der Uni"]
[WhiteTeamCountry "GER"]
[BlackTeamCountry "GER"]

1. e4 c5 2. Nf3 e6 3. d4 cxd4 4. Nxd4 Nc6 5. Nc3 Qc7 6. Be3 a6 7. a3 b5 8. Bd3 Bb7 9. 0-0 Nf6 10. h3 Be7 11. Nxc6 Bxc6 12. f3 0-0 13. Qd2 Rfd8 14. Qf2 Rab8 15. Rfd1 d5 16. exd5 Nxd5 17. Nxd5 Bxd5 18. a4 bxa4 19. Rxa4 Rxb2 20. Rxa6 Qb8 21. Rb6 Rxb6 22. Bxb6 Rc8 23. Ra1 Qxb6 24. Qxb6 1/2-1/2

[Event "Ruhrgebiet VK2 1112"]
[Site "Nordrheinwestfalen"]
[Date "2012.02.12"]
[Round "6"]
[White "Bleich, Karl Heinz"]
[Black "Masberg, Stefan"]
[Result "0-1"]
[WhiteElo "1452"]
[BlackElo "1899"]
[PlyCount "114"]
[EventDate "2012.09.18"]
[EventType "team-tourn"]
[EventRounds "9"]
[EventCountry "GER"]
[SourceTitle "EXT 2020"]
[Source "ChessBase"]
[SourceDate "2019.10.17"]
[SourceVersion "1"]
[SourceVersionDate "2019.10.17"]
[SourceQuality "1"]
[WhiteTeam "Recklinghausen Laeufer Ost II"]
[BlackTeam "Bottrop SV"]
[WhiteTeamCountry "GER"]
[BlackTeamCountry "GER"]

1. d4 d5 2. c4 e6 3. Nc3 Nf6 4. Nf3 c6 5. Bg5 Be7 6. e3 Nbd7 7. Bd3 dxc4 8. Bxc4 b5 9. Bd3 a6 10. 0-0 Bb7 11. Rc1 c5 12. Bxf6 gxf6 13. Be4 Qb6 14. Bxb7 Qxb7 15. d5 Rg8 16. e4 Nb6 17. dxe6 fxe6 18. Nh4 Rg7 19. Qh5+ Kf8 20. Rcd1 b4 21. Nb1 Qxe4 22. Rfe1 Qg4 23. Qh6 e5 24. h3 Qg5 25. Qxg5 Rxg5 26. Nf3 Rg8 27. Nbd2 Kf7 28. Ne4 Rgd8 29. Rc1 Rac8 30. b3 c4 31. bxc4 Nxc4 32. Kh1 a5 33. g4 a4 34. g5 b3 35. axb3 axb3 36. gxf6 Bxf6 37. Neg5+ Bxg5 38. Rxc4 Rxc4 39. Nxe5+ Kf6 40. Nxc4 Rc8 41. Nb2 Bc1 42. Nd3 Rc3 43. Nxc1 b2 44. Na2 Ra3 45. Kg2 Rxa2 46. Rb1 Ke5 47. Kg3 Kd4 48. Kg4 Kc3 49. f4 Ra1 50. Rxb2 Kxb2 51. Kg5 Kc3 52. f5 Kd4 53. f6 Ra7 54. Kf5 Kd5 55. h4 Kd6 56. Kg5 Ke6 57. h5 Ra5+ 0-1

[Event "Ruhrgebiet VK2 1112"]
[Site "Nordrheinwestfalen"]
[Date "2012.01.08"]
[Round "5"]
[White "Salzmann, Juergen"]
[Black "Masberg, Stefan"]
[Result "1/2-1/2"]
[WhiteElo "1860"]
[BlackElo "1899"]
[PlyCount "52"]
[EventDate "2012.09.18"]
[EventType "team-tourn"]
[EventRounds "9"]
[EventCountry "GER"]
[SourceTitle "EXT 2020"]
[Source "ChessBase"]
[SourceDate "2019.10.17"]
[SourceVersion "1"]
[SourceVersionDate "2019.10.17"]
[SourceQuality "1"]
[WhiteTeam "Mengede SG"]
[BlackTeam "Bottrop SV"]
[WhiteTeamCountry "GER"]
[BlackTeamCountry "GER"]

1. e4 d6 2. d4 g6 3. Nc3 Bg7 4. Be3 Nf6 5. Be2 Nc6 6. h3 0-0 7. Nf3 a6 8. 0-0 e5 9. d5 Ne7 10. Qd2 Bd7 11. Bh6 Kh8 12. Ne1 Ne8 13. Bxg7+ Kxg7 14. Nd3 f5 15. exf5 gxf5 16. f4 Ng6 17. fxe5 dxe5 18. Nc5 Qe7 19. Nxd7 Qxd7 20. Bh5 Nf6 21. Bxg6 hxg6 22. Qe3 Rae8 23. Rad1 Qd6 24. Qg5 Rh8 25. Kh1 Rh5 26. Qg3 Reh8 1/2-1/2

[Event "Ruhrgebiet Verbandsliga1 1011"]
[Site "Nordrheinwestfalen"]
[Date "2010.10.24"]
[Round "2.6"]
[White "Straenger, Petra"]
[Black "Masberg, Stefan"]
[Result "1/2-1/2"]
[WhiteElo "1870"]
[BlackElo "1881"]
[PlyCount "106"]
[EventDate "2011.09.12"]
[EventType "team-tourn"]
[EventRounds "9"]
[EventCountry "GER"]
[SourceTitle "EXT 2020"]
[Source "ChessBase"]
[SourceDate "2019.10.17"]
[SourceVersion "1"]
[SourceVersionDate "2019.10.17"]
[SourceQuality "1"]
[WhiteTeam "Muelheim SC"]
[BlackTeam "Bottrop SV"]
[WhiteTeamCountry "GER"]
[BlackTeamCountry "GER"]

1. d4 d5 2. Nf3 Nf6 3. g3 e6 4. Bg2 Be7 5. 0-0 0-0 6. c4 b6 7. Nc3 Bb7 8. b3 Nbd7 9. Bb2 dxc4 10. bxc4 Ne4 11. Nxe4 Bxe4 12. Qb3 Nf6 13. Rfd1 Qc8 14. Ne5 Qb7 15. f3 Bc6 16. Nxc6 Qxc6 17. f4 Ne4 18. d5 exd5 19. cxd5 Qg6 20. d6 Bxd6 21. Qc4 Rfe8 22. e3 Qe6 23. Qd4 Bf8 24. Rac1 Rac8 25. Qd7 Qxd7 26. Rxd7 Nc5 27. Rd5 Rxe3 28. Rcd1 Bd6 29. Rg5 Ne6 30. Rgd5 Bc5 31. Kh1 Re2 32. Be5 f6 33. Bh3 Re8 34. Bc3 Bd6 35. a4 Nc5 36. Bg4 Rc2 37. Bb4 a5 38. Bxc5 Rxc5 39. R5d4 Re3 40. Bd7 Rc2 41. f5 Ree2 42. Rh4 Rb2 43. Bc6 g5 44. fxg6 hxg6 45. Bd5+ Kg7 46. Bc6 Rbd2 47. Rf1 Rc2 48. Bb5 Re5 49. Bd7 c5 50. Bb5 Rd2 51. Rhf4 Rh5 52. R4f2 Rxf2 53. Rxf2 Bxg3 1/2-1/2

[Event "Ruhrgebiet VL2 0910"]
[Site "Germany"]
[Date "2009.10.25"]
[Round "3.4"]
[White "Hufelschulte, Norbert"]
[Black "Masberg, Stefan"]
[Result "1/2-1/2"]
[WhiteElo "2005"]
[BlackElo "2099"]
[PlyCount "48"]
[EventDate "2009.09.06"]
[EventType "team-tourn"]
[EventRounds "9"]
[EventCountry "GER"]
[SourceTitle "EXT 2011"]
[Source "ChessBase"]
[SourceDate "2010.11.26"]
[SourceVersion "1"]
[SourceVersionDate "2010.11.26"]
[SourceQuality "1"]
[WhiteTeam "Hamm SVg"]
[BlackTeam "Bottrop"]
[WhiteTeamCountry "GER"]
[BlackTeamCountry "GER"]

1. d4 g6 2. c4 Bg7 3. Nf3 d6 4. e4 Nf6 5. Nc3 0-0 6. Be2 c6 7. 0-0 Qc7 8. Re1 Nbd7 9. h3 e5 10. Bf1 Re8 11. d5 a6 12. Be3 c5 13. Bd3 Nb6 14. Nd2 Bd7 15. Nf1 Nh5 16. Qf3 h6 17. g4 Nf6 18. Ng3 Nh7 19. Kh2 Qd8 20. Qg2 Qh4 21. f3 Rad8 22. Bf2 Qe7 23. Be3 Qh4 24. Bf2 Qe7 1/2-1/2

[Event "Ruhrgebiet VL2 0304"]
[Site "Ruhrgebiet"]
[Date "2004.01.11"]
[Round "5.7"]
[White "Masberg, Stefan"]
[Black "Wolff, Christoph"]
[Result "0-1"]
[WhiteElo "1912"]
[BlackElo "1963"]
[PlyCount "58"]
[EventDate "2003.09.28"]
[EventType "team-tourn"]
[EventRounds "9"]
[EventCountry "GER"]
[SourceTitle "EXT 2007"]
[Source "ChessBase"]
[SourceDate "2006.11.23"]
[SourceVersion "1"]
[SourceVersionDate "2006.11.23"]
[SourceQuality "1"]
[WhiteTeam "Bottrop"]
[BlackTeam "Horst"]
[WhiteTeamCountry "GER"]
[BlackTeamCountry "GER"]

1. e4 c5 2. Nf3 d6 3. d4 cxd4 4. Nxd4 Nf6 5. Nc3 a6 6. Bg5 e6 7. Qd2 Nbd7 8. Be2 Qc7 9. 0-0 b5 10. a3 Bb7 11. f3 Be7 12. Rfe1 0-0 13. Rad1 Rfe8 14. Bf1 h6 15. Be3 Rac8 16. g4 d5 17. g5 hxg5 18. exd5 Nxd5 19. Nxd5 Bxd5 20. Bxg5 Bc5 21. Be3 Ne5 22. Bg2 Nc4 23. Qf2 Nxe3 24. Rxe3 e5 25. Qe1 Be6 26. Nxe6 Rxe6 27. Kh1 Bxe3 28. Qxe3 Qxc2 29. Rg1 Rd8 0-1

[Event "Ruhrgebiet VL2 0304"]
[Site "Ruhrgebiet"]
[Date "2003.10.12"]
[Round "2.8"]
[White "Rickert, Dirk"]
[Black "Masberg, Stefan"]
[Result "1/2-1/2"]
[WhiteElo "1939"]
[BlackElo "1912"]
[PlyCount "60"]
[EventDate "2003.09.28"]
[EventType "team-tourn"]
[EventRounds "9"]
[EventCountry "GER"]
[SourceTitle "EXT 2007"]
[Source "ChessBase"]
[SourceDate "2006.11.23"]
[SourceVersion "1"]
[SourceVersionDate "2006.11.23"]
[SourceQuality "1"]
[WhiteTeam "Gladbeck SG"]
[BlackTeam "Bottrop"]
[WhiteTeamCountry "GER"]
[BlackTeamCountry "GER"]

1. d4 Nf6 2. Nf3 g6 3. d5 Bg7 4. c4 0-0 5. Nc3 d6 6. e4 e5 7. h3 Nbd7 8. Be3 Nc5 9. Nd2 a5 10. Be2 Qe7 11. a3 Bd7 12. Qc2 b6 13. 0-0 Ne8 14. b4 Nb7 15. Rae1 f5 16. exf5 gxf5 17. f4 e4 18. Kh2 Qf6 19. Rc1 Qh6 20. g3 Nf6 21. Nb3 Be8 22. Nd4 Bd7 23. Ncb5 Rfc8 24. Nc6 Bxc6 25. dxc6 Nd8 26. Nd4 Ng4+ 27. Bxg4 fxg4 28. h4 Bxd4 29. Bxd4 axb4 30. axb4 Nxc6 1/2-1/2